01658nam a22002777a 450000500170000000800410001702000150005804000070007304100120008008200220009210000260011424500300014026000440017030000270021452007750024165000180101665000390103465000300107365000310110365000280113465000250116270000280118794200120121599900190122795201340124620230718143840.0230718b ||||| |||| 00| 0 eng d a8124201358 cAL aEnglish 223a954.030bCHAF aA Chakravarty9127633 aFreedom Fighters of India aNew DelhibCrest Publishing Housec1999 a88 p.bPBc21.5x14 cm. aIn 1997, India celebrates the fiftienth years of her independence from colonial rule. In the hustle bustle of our daily lives, we often forget the magnificent role of hundreds and thousands of people who gave their lives, the best years of their lives, their wealth, position and fame to make this day possible for us. It is impossible to chronicle the sacrifices of these unsung heroes. This books is a humble effort to trace the lives of some of leaders of that revolutionary era; Gandhi, Patel, Nehru, Azad and Ambedkar. Each of them played a role in shaping the form and direction of the freedom movement. They had a vision...of a free and prosperous nation lived in by healthy, happy people, Rereading their lives may help us in reaffirming our faith in that vision aIndia9127487 aMohandas Karamchand Gandhi9127488 aJawahar Lal Nehru9127489 aVallabh Bhai Patel9127490 aAbul Kalam Azad9127491 aB R Ambedkar9127492 aChakravarty (A)9127493 2ddccDB c227940d227940 00102ddc40708HISaALbALd2023-06-27l0o954.030 CHAFpD06012r2023-07-18 00:00:00w2023-07-18yDBzDonated by V.T. Rajshekar